First Pokémon by Type Combination: Normal - Statistics

General Stats
  • This quiz has been taken 98 times
    40 since last reset
  • The average score is 13 of 14
Answer Stats
Type combination Pokédex # Pokémon Region % Correct
Normal / Fairy 0039 Jigglypuff Kanto
100%
Normal / Flying 0016 Pidgey Kanto
100%
Pure Normal 0019 Rattata Kanto
100%
Normal / Dark 0019 Rattata Alola
100%
Normal / Ghost 0570 Zorua Hisui
96%
Normal / Water 0400 Bibarel Sinnoh
92%
Normal / Dragon 0780 Drampa Alola
88%
Normal / Electric 0694 Helioptile Kalos
88%
Normal / Fire 0667 Litleo Kalos
88%
Normal / Poison 0944 Shroodle Paldea
88%
Normal / Grass 0585 Deerling Unova
85%
Normal / Ground 0660 Diggersby Kalos
85%
Normal / Psychic 0203 Girafarig Johto
85%
Normal / Fighting 0648 Meloetta (Pirouette Forme) Unova
65%
No matching quizzes found
Score Distribution
Percent of People with Each Score
Percentile by Number Answered
Your Score History
You have not taken this quiz since the last reset